Dragon Ball Super: Tournament of Power Results - Statistics

General Stats
  • This quiz has been taken 921 times
    646 since last reset
  • The average score is 21 of 42
Answer Stats
Format Ranking Character Team % Correct
Anime 2 Goku Universe 7
100%
Manga 2 Goku Universe 7
100%
Anime 5 Vegeta Universe 7
97%
Manga 5 Vegeta Universe 7
97%
Anime 2 Jiren Universe 11
95%
Manga 2 Jiren Universe 11
95%
Manga 1 Android 17 Universe 7
94%
Anime 1 Android 17 Universe 7
91%
Anime 2 Frieza Universe 7
91%
Manga 2 Frieza Universe 7
91%
Anime 7 Gohan Universe 7
90%
Manga 10 Gohan Universe 7
90%
Anime 6 Top Universe 11
88%
Manga 6 Top Universe 11
87%
Anime 13 Android 18 Universe 7
79%
Anime 16 Piccolo Universe 7
77%
Manga 10 Kale Universe 6
76%
Manga 10 Caulifla Universe 6
72%
Anime 8 Dyspo Universe 11
72%
Manga 6 Dyspo Universe 11
72%
Manga 8 Master Roshi Universe 7
62%
Manga 19 Cabba Universe 6
54%
Anime 9 Paparoni Universe 3
26%
Anime 10 Borareta Universe 3
22%
Anime 12 Koitsukai Universe 3
22%
Anime 11 Panchéa Universe 3
22%
Anime 20 Saonel Universe 6
15%
Manga 20 Saonel Universe 6
15%
Anime 20 Pilina Universe 6
14%
Manga 20 Pilina Universe 6
14%
Manga 13 Cocotte Universe 11
13%
Manga 9 Kahseral Universe 11
12%
Anime 15 Damon Universe 4
10%
Manga 18 Tupper Universe 11
10%
Anime 19 Katopesla Universe 3
9%
Manga 13 K'nsi Universe 11
9%
Manga 13 Vewon Universe 11
9%
Manga 13 Zoire Universe 11
8%
Anime 14 Biarra Universe 3
7%
Anime 18 Gamisaras Universe 4
7%
Manga 13 Kettle Universe 11
7%
Anime 17 Xiangca Universe 4
5%
No matching quizzes found
Score Distribution
Percent of People with Each Score
Percentile by Number Answered
Your Score History
You have not taken this quiz since the last reset